Bezpečnostná a obranná politika Európskej únie - štruktúry a rozhodovacie mechanizmy

Stručný historický prehľad zameraný na vývoj inštitucionálnych aktérov v rámci Spoločnej bezpečnostnej a obrannej politiky EÚ od 90. rokov. Chronologický vývoj primárneho práva EÚ - Zmluva o Európskej únii z Maastrichtu a jej následná reforma v Amsterdame. Proces vytvárania stálych inštitúcií SZBP E...

Descrizione completa

Salvato in:
Dettagli Bibliografici
Autore principale: Tokár, Ľubomír
Natura: Capitolo di libro
Lingua:slovacco
Soggetti:
Tags: Aggiungi Tag
Nessun Tag, puoi essere il primo ad aggiungerne!!

MARC

LEADER 00000naa a2200000 4500
001 0119242
005 20251210101635.0
041 0 |a slo 
044 |a SK 
245 1 0 |a Bezpečnostná a obranná politika Európskej únie - štruktúry a rozhodovacie mechanizmy  |c Ľubomír Tokár 
520 |a Stručný historický prehľad zameraný na vývoj inštitucionálnych aktérov v rámci Spoločnej bezpečnostnej a obrannej politiky EÚ od 90. rokov. Chronologický vývoj primárneho práva EÚ - Zmluva o Európskej únii z Maastrichtu a jej následná reforma v Amsterdame. Proces vytvárania stálych inštitúcií SZBP EÚ. Problémy a výzvy týkajúce sa bezpečnostnej a obrannej politiky EÚ po tom, čo nadobudla účinnosť Lisabonská zmluva. 
610 2 0 |a politika bezpečnostná 
610 2 0 |a politika obranná 
610 2 0 |a bezpečnosť medzinárodná 
610 2 0 |a vzťahy medzinárodné 
610 2 0 |a politika medzinárodná 
610 2 0 |a inštitúcie verejnoprávne 
610 2 0 |a právo medzinárodné 
610 2 0 |a zmluvy medzinárodné 
610 2 0 |a vojenstvo 
610 2 0 |a Európska únia 
100 1 |a Tokár, Ľubomír